000 00590nam a2200217Ia 4500
003 OSt
005 20220926043302.0
006 a|||||r|||| 00| 0
007 ta
008 220923b |||||||| |||| 00| 0 eng d
037 _cGeneral Book
040 _aRTL
_cRTL
_beng
041 _2eng
_aeng
082 _aV2,45.N4, H2
100 _aNoman Mohammad
_9347543
245 0 _aMuslim India
_b Rise and growth of the All India Mus
260 _c1942
650 _aPolitical Parties
_9227152
942 _hV2,45.N4, H2
_cGB
_2CC
999 _c671974
_d671974